01329nam a22003377a 4500003000500000005001700005008004100022010001000063011001000073035001000083040000900093082001400102100003200116245020400148260004900352300000700401500004400408590004100452590004100493590004100534590004100575590004100616590004200657650003100699650004400730901000700774942001000781949006000791999001700851952012300868CHAP20220329135825.0971013s1885 r 00010 d a42852 a43824 a47961 cCHAP a917.2bP400aPeñafiel, Antonio.986872 aNombres geográficos de Méxicob: catálogo alfabético de los nombres de lugar pertenecientes al idioma nahuatl. estudio geroglífico de la "Matrícula de los tributos" del Códice Mendocino a(México :bSecretaría de Fomento),c1885 av. aLa biblioteca tiene solamente el Atlas. aBATCH-UPDb10c20130109lUCH01h2353 aBATCH-UPDb10c20130110lUCH01h2127 aBATCH-UPDb10c20130409lUCH01h1925 aBATCH-UPDb10c20130410lUCH01h1436 aBATCH-UPDb10c20130914lUCH01h1052 aCONVERSIONb10c20130109lUCH01h132414aCódice Mendocino.92767914aMéxicoxNombres geográficos.976782 aBK cLIBRO a917.2 P4bBCcBPPd-108808eBPPfAtlash25728i47961si c42852d42852 00102ddc4051708FRaBCbBCd2019-12-31fLIBROl0o917.2 P4p-108808r2019-12-31 00:00:00tAtlasw2019-12-31yLIBRO